Encuentro sobre la deuda externa de América Latina y el Caribe, 4

שמור ב:
מידע ביבליוגרפי
פורמט: Texto
יצא לאור: La Habana: Gramna
תגים: הוספת תג
אין תגיות, היה/י הראשונ/ה לתייג את הרשומה!

MARC

LEADER 00000 a a2200000 04500
001 23758
003
040
090 |a 168000  
245 |a Encuentro sobre la deuda externa de América Latina y el Caribe, 4  
260 |a La Habana:   |b Gramna  
300 |a 12 p.  
999 |c 12203  |d 12203